| 000 | 00347cam a2200133ua 4500 | ||
|---|---|---|---|
| 020 | _a9788177587432 | ||
| 082 |
_a620.43 _bRAT/NA |
||
| 100 | _aRatner, Mark | ||
| 245 | _aNanotechnology: a gentle introduction to the next big idea | ||
| 260 |
_aNew Delhi _bPearson Education Asia _c2009 |
||
| 300 | _a188. | ||
| 700 | _aRatner, Daniel | ||
| 942 | _cBK | ||
| 999 |
_c13592 _d13592 |
||